The maritime blockade of Germany in the Great War : the Northern Patrol, 1914-1918 /

Bibliographic Details
Main Author: Grainger, John D., 1939-
Format: Book
Language:English
Published: Aldershot, Hants, England ; Burlington, VT. : Ashgate, 2003.
Series:Publications of the Navy Records Society ; v. 145.
Subjects:

MARC

Tag First Indicator Second Indicator Subfields
LEADER 00000cam a22000008a 4500
001 in00001769607
005 20151025091008.0
008 021016s2003 enk b 001 0 eng
010 |a  2002036803 
015 |a GBA3-Y6605 
020 |a 0754635368 (alk. paper) 
035 |a (OCoLC)ocm51216539 
040 |a DLC  |c DLC  |d UKM  |d TXA  |d UtOrBLW 
042 |a pcc 
043 |a e-gx---  |a e-uk--- 
049 |a TXAM 
050 0 0 |a D581  |b .G68 2003 
082 0 0 |a 940.4/52  |2 21 
100 1 |a Grainger, John D.,  |d 1939- 
245 1 4 |a The maritime blockade of Germany in the Great War :  |b the Northern Patrol, 1914-1918 /  |c John D. Grainger. 
263 |a 0305 
264 1 |a Aldershot, Hants, England ;  |a Burlington, VT. :  |b Ashgate,  |c 2003. 
300 |a 856 pages 
336 |a text  |b txt  |2 rdacontent 
337 |a unmediated  |b n  |2 rdamedia 
338 |a volume  |b nc  |2 rdacarrier 
490 1 |a Navy Records Society. Publications,  |v v. 145 
504 |a Includes bibliographical references and index. 
610 1 0 |a Great Britain.  |b Royal Navy.  |b Cruiser Squadron, 10th  |x History. 
650 0 |a World War, 1914-1918  |x Blockades  |z Germany. 
650 0 |a World War, 1914-1918  |x Naval operations, British. 
830 0 |a Publications of the Navy Records Society ;  |v v. 145. 
994 |a E0  |b TXA 
948 |a cataloged  |b h  |c 2003/8/21  |d c  |e blrosas  |f 12:37:05 pm 
999 |a MARS 
999 f f |s 5f5baae0-01c3-368e-b875-59faa1119e91  |i 6dfcacec-1084-3d34-9701-b069424cb2c4  |t 0 
952 f f |p normal  |a Texas A&M University  |b College Station  |c Sterling C. Evans Library  |d Evans: Library Stacks  |t 0  |e D581 .G68 2003  |h Library of Congress classification  |i unmediated -- volume  |m A14830488798 
998 f f |a D581 .G68 2003  |t 0  |l Evans: Library Stacks